000 00449nam a2200169Ia 4500
005 20240823010455.0
008 240823s9999||||xx |||||||||||||| ||und||
082 _A420 N7
100 _a"Humanities an social Sciences diviaion, Anna University ,Madras"
245 0 _aEnglish for Engineers and Technologies I
250 _a1st
260 _c1997
_b"Orient,Hydrabad"
500 _aYES
650 _aENG
_bEnglish
942 _cBK
999 _c158725
_d158725